000
00235nam a22001097a 4500
082
_a
621.902 HOU
100
_a
HOUGHTON.P.S
_9
59254
245
_a
PRESS TOOL PRACTICE
260
_a
LONDON
_b
CHAPMAN
_c
1950
300
_a
X67P
942
_c
BK
999
_c
569276
_d
569276